MDQL
is popping MORE tags! Check the
thread
!
Quizzes
Events
Quiz Creation
Community
Videos
Private Events
Remove Ads
Sign In
Join for FREE
Feedback
Dark Mode
Quiz Categories
Sports
Geography
Music
Movies
Television
Just For Fun
Miscellaneous
History
Literature
Language
Science
Gaming
Entertainment
Religion
Holiday
For Kids
Quiz Lab
Recent
Popular Today
Quiz Kudos Today
Editor Picks
Curator Picks
Quizzes by...
Day
Popularity
Type
Ratings
Length
Year
Community
Subscriptions
Recent Discussions
Orange Saloon
Badges
Playlists
Quests
Create
Leaderboards
Showdown
Live 5
Trivia Bingo
Activity
Puzzle Library
Sporcle Events
Private Events
Virtual Trivia
Globe League
Become a Host
Pub Owners
SporcleCon
Opinionation
Our Games
Videos
Blog
Mobile Apps
Partnerships
Remove Ads and Go Orange
Feedback
Sports
Athletes
MLB
NBA
NHL
NFL
Soccer
Sports Teams
WWE
NCAA
Football
Premier League
Basketball
Baseball
Hockey
Golf
Tennis
Cricket
Rugby
Auto Racing
Olympics
World Cup
Sports
Athletes
MLB
NBA
NHL
NFL
Soccer
Sports Teams
WWE
NCAA
Football
Premier League
Basketball
Baseball
Hockey
Golf
Tennis
Cricket
Rugby
Auto Racing
Olympics
World Cup
Random Quiz
Search Sporcle
×
Quiz Lab
Quiz Lab
Sports
MLB
Type in answers that appear in a list
Type in answers that appear in a list
Classic
Best Score? Go Orange.
2015 MLB Total Base Leaders Stats
Can you name the 2015 MLB Total Base Leaders?
By
johnnymac6
20m
300 Questions
92 Plays
92 Plays
92 Plays
Comments
Comments
Give Quiz Kudos
Give Quiz Kudos
-
- Ratings
hide this ad
Replay
Link that replays current quiz
Next Quiz
Link to next quiz in quiz playlist
You Got
0%
They Got
Avg Score
56%
Avg Friend Score
Upgrade to see
Score Distribution
Jump to the score distribution portion of the page
Score
0/300
Timer
20:00
0
Plays Today
Team
Player
% Correct
LAA
Mike Trout
95.7%
WSN
Bryce Harper
95.7%
COL
Nolan Arenado
94.6%
TOR
Josh Donaldson
94.6%
ARI
Paul Goldschmidt
92.4%
BAL
Chris Davis
92.4%
COL
Carlos Gonzalez
92.4%
LAD
Adrian Gonzalez
92.4%
MIL
Khris Davis
92.4%
DET
Rajai Davis
92.4%
SEA
Nelson Cruz
91.3%
DET
J.D. Martinez
91.3%
CIN
Joey Votto
91.3%
BOS
David Ortiz
91.3%
LAA
Albert Pujols
91.3%
CHW
Melky Cabrera
91.3%
DET
Miguel Cabrera
91.3%
TBR
Asdrubal Cabrera
91.3%
HOU
Marwin Gonzalez
91.3%
CHW
Jose Abreu
90.2%
HOU
Jose Altuve
90.2%
TOR
Jose Bautista
90.2%
SFG
Brandon Belt
90.2%
TOR
Edwin Encarnacion
89.1%
SEA
Robinson Cano
89.1%
BAL
Manny Machado
88%
BAL
Adam Jones
88%
TEX
Adrian Beltre
88%
TOR
Russell Martin
88%
TEX
Leonys Martin
88%
CHC
Anthony Rizzo
87%
TBR
Evan Longoria
87%
STL
Matt Carpenter
85.9%
PIT
Andrew McCutchen
85.9%
CHC
Kris Bryant
84.8%
CIN
Jay Bruce
84.8%
SFG
Buster Posey
82.6%
TOT
Troy Tulowitzki
82.6%
CIN
Todd Frazier
81.5%
NYM
Curtis Granderson
81.5%
BOS
Dustin Pedroia
81.5%
TOT
Yoenis Cespedes
80.4%
SEA
Kyle Seager
80.4%
KCR
Eric Hosmer
80.4%
CIN
Brandon Phillips
80.4%
NYY
Carlos Beltran
80.4%
MIN
Joe Mauer
80.4%
NYY
Mark Teixeira
80.4%
CHW
Alexei Ramirez
80.4%
BOS
Hanley Ramirez
80.4%
BOS
Mookie Betts
79.3%
KCR
Lorenzo Cain
79.3%
MIA
Dee Gordon
79.3%
MIL
Ryan Braun
79.3%
SDP
Justin Upton
79.3%
PHI
Ryan Howard
79.3%
TOT
Aramis Ramirez
79.3%
KCR
Alex Gordon
79.3%
TOT
Chase Utley
79.3%
CLE
Jose Ramirez
79.3%
DET
Ian Kinsler
78.3%
SDP
Matt Kemp
78.3%
KCR
Mike Moustakas
78.3%
NYY
Alex Rodriguez
78.3%
SFG
Brandon Crawford
78.3%
KCR
Salvador Perez
78.3%
NYM
Daniel Murphy
78.3%
CHC
Starlin Castro
78.3%
MIA
Giancarlo Stanton
78.3%
TOT
David Murphy
78.3%
HOU
Jason Castro
78.3%
SFG
Hunter Pence
78.3%
TEX
Prince Fielder
77.2%
MIN
Brian Dozier
76.1%
PIT
Neil Walker
76.1%
LAD
Jimmy Rollins
76.1%
ARI
A.J. Pollock
75%
CLE
Jason Kipnis
75%
WSN
Ryan Zimmerman
75%
NYY
Brian McCann
73.9%
HOU
Carlos Correa
73.9%
NYY
Jacoby Ellsbury
73.9%
WSN
Jayson Werth
73.9%
CLE
Michael Brantley
72.8%
NYY
Brett Gardner
72.8%
NYY
Chase Headley
72.8%
DET
James McCann
72.8%
PIT
Starling Marte
71.7%
WSN
Ian Desmond
71.7%
TOT
Carlos Gomez
71.7%
HOU
Chris Carter
71.7%
KCR
Kendrys Morales
70.7%
TOT
Ben Zobrist
70.7%
STL
Yadier Molina
70.7%
BOS
Xander Bogaerts
69.6%
TEX
Shin-Soo Choo
69.6%
NYM
Lucas Duda
69.6%
WSN
Yunel Escobar
69.6%
KCR
Alcides Escobar
69.6%
TOT
Kelly Johnson
69.6%
Team
Player
% Correct
CIN
Billy Hamilton
69.6%
MIL
Adam Lind
68.5%
PIT
Gregory Polanco
68.5%
MIN
Eduardo Escobar
68.5%
TOT
Mike Napoli
68.5%
MIN
Kurt Suzuki
68.5%
MIA
Ichiro Suzuki
68.5%
ATL
Freddie Freeman
67.4%
LAD
Andre Ethier
67.4%
TOT
Jose Reyes
67.4%
LAD
Yasiel Puig
67.4%
HOU
Evan Gattis
66.3%
TEX
Elvis Andrus
66.3%
BOS
Pablo Sandoval
66.3%
SFG
Angel Pagan
66.3%
STL
Matt Holliday
66.3%
COL
Charlie Blackmon
65.2%
OAK
Josh Reddick
65.2%
CLE
Carlos Santana
65.2%
MIA
Christian Yelich
65.2%
MIL
Jonathan Lucroy
65.2%
ARI
David Peralta
64.1%
STL
Jhonny Peralta
64.1%
TOT
Mark Trumbo
64.1%
SFG
Joe Panik
64.1%
LAA
Kole Calhoun
63%
CHC
Dexter Fowler
63%
STL
Jason Heyward
63%
ATL
Nick Markakis
63%
MIA
Justin Bour
63%
PIT
Josh Harrison
63%
ARI
Aaron Hill
63%
NYY
Didi Gregorius
62%
TOT
Austin Jackson
62%
HOU
George Springer
62%
CHC
Miguel Montero
62%
BOS
Jackie Bradley
62%
SFG
Matt Duffy
60.9%
TEX
Rougned Odor
60.9%
CHC
Addison Russell
60.9%
ATL
Andrelton Simmons
60.9%
PHI
Maikel Franco
60.9%
NYM
Travis d'Arnaud
60.9%
OAK
Billy Butler
59.8%
TBR
Joey Butler
59.8%
TOR
Kevin Pillar
58.7%
TEX
Mitch Moreland
58.7%
COL
DJ LeMahieu
58.7%
PIT
Pedro Alvarez
58.7%
LAD
Joc Pederson
58.7%
MIA
Martin Prado
58.7%
LAD
Howie Kendrick
58.7%
SEA
Seth Smith
58.7%
MIN
Miguel Sano
58.7%
WSN
Anthony Rendon
58.7%
WSN
Denard Span
58.7%
CHW
Adam Eaton
57.6%
LAA
Erick Aybar
57.6%
LAD
Justin Turner
57.6%
CLE
Francisco Lindor
57.6%
MIA
Marcell Ozuna
57.6%
CLE
Yan Gomes
57.6%
STL
Kolten Wong
56.5%
PIT
Jung Ho Kang
56.5%
CHW
Avisail Garcia
55.4%
ATL
A.J. Pierzynski
55.4%
BAL
Matt Wieters
55.4%
MIN
Trevor Plouffe
54.3%
TBR
Kevin Kiermaier
54.3%
OAK
Stephen Vogt
54.3%
WSN
Wilson Ramos
54.3%
CHW
Adam LaRoche
54.3%
LAD
Yasmani Grandal
54.3%
PHI
Cesar Hernandez
54.3%
ATL
Adonis Garcia
54.3%
HOU
Colby Rasmus
53.3%
MIL
Jean Segura
53.3%
WSN
Danny Espinosa
53.3%
NYY
Chris Young
53.3%
BAL
J.J. Hardy
53.3%
LAD
Enrique Hernandez
53.3%
LAA
David Freese
52.2%
SEA
Brad Miller
52.2%
PHI
Odubel Herrera
51.1%
PIT
Francisco Cervelli
51.1%
KCR
Alex Rios
51.1%
CHC
Kyle Schwarber
51.1%
DET
Nick Castellanos
50%
TOT
Ben Revere
50%
MIL
Elian Herrera
50%
SDP
Wil Myers
50%
MIN
Torii Hunter
48.9%
NYM
Wilmer Flores
48.9%
TOT
Brandon Moss
48.9%
TOT
Michael Bourn
48.9%
OAK
Brett Lawrie
47.8%
OAK
Marcus Semien
46.7%
STL
Randal Grichuk
46.7%
CHW
Carlos Sanchez
46.7%
TOT
Gerardo Parra
45.7%
Team
Player
% Correct
TBR
Logan Forsythe
45.7%
SDP
Jedd Gyorko
45.7%
STL
Mark Reynolds
45.7%
KCR
Omar Infante
45.7%
HOU
Jed Lowrie
45.7%
LAA
Chris Iannetta
45.7%
SDP
Derek Norris
44.6%
NYY
Stephen Drew
44.6%
TBR
James Loney
44.6%
STL
Stephen Piscotty
44.6%
SEA
Logan Morrison
43.5%
NYM
Juan Lagares
43.5%
TOT
Welington Castillo
43.5%
DET
Jose Iglesias
43.5%
TOT
Juan Uribe
43.5%
SFG
Gregor Blanco
43.5%
CIN
Brayan Pena
43.5%
OAK
Billy Burns
42.4%
HOU
Luis Valbuena
42.4%
TOR
Justin Smoak
42.4%
PHI
Andres Blanco
42.4%
BOS
Rusney Castillo
42.4%
COL
Wilin Rosario
42.4%
CIN
Zack Cozart
42.4%
MIN
Eddie Rosario
41.3%
CHC
Jorge Soler
41.3%
PIT
Jordy Mercer
41.3%
MIA
Adeiny Hechavarria
40.2%
WSN
Michael Taylor
40.2%
NYM
Michael Cuddyer
40.2%
CHW
Tyler Flowers
40.2%
PHI
Freddy Galvis
39.1%
BAL
Jonathan Schoop
39.1%
CLE
Lonnie Chisenhall
39.1%
ARI
Ender Inciarte
38%
ATL
Jace Peterson
38%
COL
Nick Hundley
38%
ARI
Yasmany Tomas
38%
SDP
Yonder Alonso
38%
NYM
Ruben Tejada
38%
COL
Corey Dickerson
38%
TOT
Danny Valencia
37%
LAA
C.J. Cron
37%
BOS
Brock Holt
35.9%
TOT
Marlon Byrd
34.8%
MIA
J.T. Realmuto
33.7%
ATL
Cameron Maybin
32.6%
TEX
Delino DeShields
32.6%
MIL
Scooter Gennett
32.6%
SDP
Yangervis Solarte
31.5%
BAL
Caleb Joseph
31.5%
MIN
Aaron Hicks
30.4%
BAL
Steve Pearce
29.3%
SDP
Will Middlebrooks
29.3%
TOR
Chris Colabello
28.3%
ARI
Chris Owings
28.3%
CIN
Eugenio Suarez
28.3%
DET
Victor Martinez
28.3%
BOS
Travis Shaw
28.3%
SEA
Mike Zunino
28.3%
TEX
Robinson Chirinos
28.3%
DET
Anthony Gose
27.2%
TBR
Steven Souza
27.2%
SFG
Nori Aoki
27.2%
BOS
Blake Swihart
27.2%
TOR
Devon Travis
27.2%
SEA
Franklin Gutierrez
26.1%
TOT
Dustin Ackley
26.1%
PHI
Cody Asche
25%
PHI
Jeff Francoeur
25%
ARI
Jake Lamb
25%
TOT
Will Venable
25%
CHC
Chris Coghlan
23.9%
ARI
Nick Ahmed
23.9%
OAK
Eric Sogard
23.9%
LAA
Johnny Giavotella
22.8%
HOU
Hank Conger
21.7%
TOR
Ryan Goins
19.6%
TOT
Grady Sizemore
19.6%
WSN
Clint Robinson
18.5%
PHI
Cameron Rupp
18.5%
CLE
Ryan Raburn
18.5%
HOU
Preston Tucker
17.4%
HOU
Jake Marisnick
17.4%
OAK
Mark Canha
16.3%
LAD
Alex Guerrero
15.2%
CLE
Mike Aviles
15.2%
COL
Ben Paulsen
14.1%
TBR
Brandon Guyer
14.1%
MIA
Derek Dietrich
14.1%
KCR
Paulo Orlando
14.1%
BAL
Ryan Flaherty
14.1%
PHI
Darin Ruf
13%
SDP
Cory Spangenberg
12%
TOT
Abraham Almonte
12%
TOT
David DeJesus
10.9%
SDP
Alexi Amarista
10.9%
TOT
Alejandro De Aza
7.6%
OAK
Josh Phegley
6.5%
BAL
Jimmy Paredes
4.3%
Quiz Playlist
Details
Report
Send in Message
Add To Playlist
Classic:
Type in answers that appear in a list
Last Updated: Feb 16, 2017
Quiz Scoreboard
CHALLENGE
Sign Up to Join the Scoreboard
Show All
Scores
Hide
Comments
May contain spoilers
Recently Published
5x2 Blitz: Bands
by SL_Kpop136
Music
30s
Colored Red Africa Blitz
by spor1
Geography
30s
Find the 'City' Movie
by crazypaving
Movies
60s
More to Explore
Quiz From the Vault
Featured Blog Post
14 Easter Pick-up Lines to Find Eggs With
hide this ad
You Might Also Like...
Tags
MLB Quiz
2015
base
Base Leaders
Leader
Player
team
total
Today's Top Quizzes in Sports
Browse Sports
hide this ad
Today's Top Quizzes in MLB
Browse MLB
Top Contributed Quizzes in Sports
1
Les entraîneurs de l'OM et du PSG au 21e siècle
2
Les meilleurs buteurs des matchs entre le PSG et l’OM
3
Players with Multiple 50 Home Run Seasons
4
2022 World Cup Stars
5
Les joueurs passés par le PSG et l'OM
6
NBA Logic Puzzle 2.0
7
Criteria MLB: Left Handed Sluggers
8
MLB Players with Two .350 Batting Average Seasons
9
Top 10 NHL Goal Scorers of All Time
10
Who Hit More Homers?
Explore More
Trending Topics
Disney
Anime
Harry Potter
Crossword
Marvel
Kpop
NBA
Soccer
Country
The Office
NFL
Song
Pokémon
WWE
Puzzle
hide this ad
More By:
johnnymac6
Quiz
Plays
Rating
Category
Featured
Created
NFL 2020 QB Rushing Leaders
2,415
4.43
Sports
Nov 4, 2020
NFL 2018 Passing Leaders
2,192
5.00
Sports
Oct 30, 2018
NFL 2017 Passing Leaders
1,969
4.33
Sports
Oct 3, 2017
NFL 2019 Rushing Leaders
1,965
3.29
Sports
Oct 9, 2019
NFL 2020 Rushing Leaders
1,913
4.20
Sports
Oct 7, 2020
Go to Creator's Profile
Score Distribution
Quiz Creator Spotlight
johnnymac6
Follow
Send a Message
Quizzes Created
-
Created Quiz Play Count
-
More By This Creator
Popular Quizzes Today
1
Colored Red Africa Blitz
2
Find the 'City' Movie
3
5x2 Blitz: Bands
4
Find the US States - No Outlines Minefield
5
The Countries of the World
6
Find the US States
7
US States
8
Find the Countries of Europe - No Outlines Minefield
More Sports Quizzes
WWE Wrestlemania Main Events
Published
Trending Quizzes
Colored Red Europe Blitz I
Colored Red Europe Blitz II
Colored Red Africa Blitz II
Colored Red Europe Blitz III
Colored Red Africa Blitz III
Recently Updated
How Do You Spell That?
pecheneg
Godzilla Movies
pecheneg
Grab Bag: 4-10 Letters
pecheneg
2024 March Madness Bracket
pecheneg
Famous TV Couples
Peacemaker
Champions League XIs: Real Madrid
pecheneg
Largest US Cities 1790-2010
pecheneg
Rides in Walt Disney World
pecheneg
Most Oscar Losses (Acting)
pecheneg
Beyoncé Albums
pecheneg
Trending Topics
Anime
Disney
NBA
Kpop
Crossword
Harry Potter
Marvel
Pokémon
NFL
Country
Song
The Office
WWE
Soccer
Puzzle
Your Account Isn't Verified!
In order to create a playlist on Sporcle, you need to verify the email address you used during registration. Go to your
Sporcle Settings
to finish the process.
Report this User
Report this user for behavior that violates our
Community Guidelines
.
Details:
Send Report
Go to the Sporcle.com Mobile Site →
Comments